Statistics for Oceania A-Z

Click here to take the quiz!

General Stats

  • This quiz has been taken 183 times
  • The average score is 20 of 25

Answer Stats

HintAnswer% Correct
BGreat _____ ReefBarrier
99%
KTerm for a New ZealanderKiwi
96%
QBrisbane is its capitalQueensland
96%
ICountry that controls the western
part of New Guinea
Indonesia
94%
MIndigenous people or official
language of New Zealand
Maori
92%
UHawaiian stringed instrumentUkulele
92%
DCurrency official in most of the
Oceanian countries
Dollar
91%
EGiant bird of OceaniaEmu
91%
GSpecial U.S. territoryGuam
91%
RContinent's most popular sportRugby
91%
Z14% of the world's supply of this
metal comes from Australia
Zinc
91%
NIsland nation that used to be one
of world's richest countries
Nauru
90%
OThe inland regions of AustraliaOutback
90%
VIsland nation formerly known
as New Hebrides
Vanuatu
90%
AKiribati consists of 32 of theseAtolls
85%
JA young / baby kangarooJoey
80%
FWhat F stands for in FSMFederated
76%
LEyre, Taupo, Murray etc.Lakes
73%
SCapital of FijiSuva
72%
CSea the above is located inCoral Sea
69%
W______ and FutunaWallis
67%
HCapital of the Solomon IslandsHoniara
65%
PSubregion of Tonga and SamoaPolynesia
64%
YDe facto capital of NYaren
62%
TStrait between New Guinea
and Australia
Torres
39%

Score Distribution

Percentile by Number Answered

Percent of People with Each Score

Your Score History

You have not taken this quiz